[Event "gorzyce wielkie"]
[Site "?"]
[Date "2020.02.08"]
[Round "4.9"]
[White "Czerwinska, Milena"]
[Black "Nowak, Roksana"]
[Result "1-0"]
[BlackElo "1299"]
[WhiteElo "1834"]
[LiveChessVersion "1.4.8"]

1. e4 {[%clk 0:03:02]} e5 {[%clk 0:03:03]} 2. Nf3 {[%clk 0:03:02]} Nc6
{[%clk 0:03:04]} 3. d4 {[%clk 0:03:01]} exd4 {[%clk 0:03:04]} 4. Nxd4
{[%clk 0:03:02]} Qf6 {[%clk 0:03:05]} 5. Be3 {[%clk 0:02:49]} Bc5
{[%clk 0:03:05]} 6. c3 {[%clk 0:02:50]} Nge7 {[%clk 0:03:04]} 7. g3
{[%clk 0:02:51]} O-O {[%clk 0:02:59]} 8. Bg2 {[%clk 0:02:52]} Nxd4
{[%clk 0:02:57]} 9. cxd4 {[%clk 0:02:44]} Bb4+ {[%clk 0:02:58]} 10. Nc3
{[%clk 0:02:36]} d6 {[%clk 0:02:56]} 11. O-O {[%clk 0:02:35]} Bxc3
{[%clk 0:02:57]} 12. bxc3 {[%clk 0:02:36]} Qg6 {[%clk 0:02:50]} 13. Rb1
{[%clk 0:02:18]} c6 {[%clk 0:02:42]} 14. Bf4 {[%clk 0:02:06]} Rd8
{[%clk 0:02:24]} 15. h4 {[%clk 0:01:55]} h5 {[%clk 0:02:20]} 16. Bg5
{[%clk 0:01:53]} f6 {[%clk 0:02:16]} 17. Qb3+ {[%clk 0:01:45]} Kh8
{[%clk 0:02:12]} 18. Bf4 {[%clk 0:01:42]} Qe8 {[%clk 0:02:07]} 19. Qb4
{[%clk 0:01:41]} Qd7 {[%clk 0:01:42]} 20. Bf3 {[%clk 0:01:37]} Ng6
{[%clk 0:01:32]} 21. Be3 {[%clk 0:01:29]} Ne7 {[%clk 0:01:19]} 22. Bxh5
{[%clk 0:01:22]} d5 {[%clk 0:01:19]} 23. Bf3 {[%clk 0:01:14]} dxe4
{[%clk 0:01:16]} 24. Bxe4 {[%clk 0:01:12]} Nd5 {[%clk 0:01:16]} 25. Qb2
{[%clk 0:00:57]} Qg4 {[%clk 0:01:09]} 26. Bg2 {[%clk 0:00:30]} Re8
{[%clk 0:01:05]} 27. Bc1 {[%clk 0:00:14]} Re2 {[%clk 0:00:58]} 28. Qa3
{[%clk 0:00:11]} Rc2 {[%clk 0:00:39]} 29. Qf8+ {[%clk 0:00:07]} Kh7
{[%clk 0:00:37]} 30. Be4+ {[%clk 0:00:08]} f5 {[%clk 0:00:29]} 31. Bxc2
{[%clk 0:00:09]} Nxc3 {[%clk 0:00:27]} 32. Rb3 {[%clk 0:00:10]} Ne2+
{[%clk 0:00:26]} 33. Kh2 {[%clk 0:00:09]} Nxd4 {[%clk 0:00:23]} 34. Rc3
{[%clk 0:00:08]} Nf3+ {[%clk 0:00:18]} 35. Rxf3 {[%clk 0:00:08]} Qxf3
{[%clk 0:00:19]} 36. Bf4 {[%clk 0:00:08]} Qe2 {[%clk 0:00:14]} 37. Bxf5+
{[%clk 0:00:08]} Bxf5 {[%clk 0:00:14]} 38. Qxf5+ {[%clk 0:00:09]} Kg8
{[%clk 0:00:12]} 39. Rc1 {[%clk 0:00:10]} Rf8 {[%clk 0:00:12]} 40. Qc2
{[%clk 0:00:10]} Qe7 {[%clk 0:00:12]} 41. Rd1 {[%clk 0:00:10]} Qf7
{[%clk 0:00:12]} 42. Qd3 {[%clk 0:00:10]} Qf6 {[%clk 0:00:13]} 43. Qc4+
{[%clk 0:00:12]} Kh8 {[%clk 0:00:14]} 44. Qc2 {[%clk 0:00:13]} Qf7
{[%clk 0:00:15]} 45. Qd2 {[%clk 0:00:13]} Qe7 {[%clk 0:00:15]} 46. Qd7
{[%clk 0:00:14]} Qf7 {[%clk 0:00:16]} 47. Qxf7 {[%clk 0:00:14]} Rxf7
{[%clk 0:00:17]} 48. Rd8+ {[%clk 0:00:15]} Kh7 {[%clk 0:00:18]} 49. Kg2
{[%clk 0:00:16]} Re7 {[%clk 0:00:19]} 50. Rb8 {[%clk 0:00:16]} a6
{[%clk 0:00:19]} 51. a4 {[%clk 0:00:17]} b5 {[%clk 0:00:20]} 52. axb5
{[%clk 0:00:17]} axb5 {[%clk 0:00:21]} 53. Rc8 {[%clk 0:00:18]} Re6
{[%clk 0:00:21]} 54. Bd2 {[%clk 0:00:16]} Rd6 {[%clk 0:00:21]} 55. Bb4
{[%clk 0:00:17]} Rd4 {[%clk 0:00:23]} 56. Bf8 {[%clk 0:00:17]} b4
{[%clk 0:00:22]} 57. Rxc6 {[%clk 0:00:16]} b3 {[%clk 0:00:22]} 58. Rb6
{[%clk 0:00:16]} Rd3 {[%clk 0:00:22]} 59. Ba3 {[%clk 0:00:16]} Rc3
{[%clk 0:00:22]} 60. Bb2 {[%clk 0:00:17]} Rd3 {[%clk 0:00:23]} 61. Rb7
{[%clk 0:00:18]} Kg6 {[%clk 0:00:23]} 62. Rxg7+ {[%clk 0:00:18]} Kf5
{[%clk 0:00:24]} 63. Rb7 {[%clk 0:00:18]} 1-0

[Event "gorzyce wielkie"]
[Site "?"]
[Date "2020.02.08"]
[Round "4.10"]
[White "Rog, Bartlomiej"]
[Black "Kot, Jerzy"]
[Result "1-0"]
[BlackElo "1831"]
[WhiteElo "1422"]
[LiveChessVersion "1.4.8"]

1. e4 {[%clk 0:03:03]} c5 {[%clk 0:03:03]} 2. Nf3 {[%clk 0:03:04]} g6
{[%clk 0:03:04]} 3. c4 {[%clk 0:03:05]} Bg7 {[%clk 0:03:04]} 4. d4
{[%clk 0:03:07]} Nc6 {[%clk 0:03:05]} 5. Be3 {[%clk 0:03:04]} Qa5+
{[%clk 0:03:04]} 6. Nc3 {[%clk 0:03:04]} Nf6 {[%clk 0:03:00]} 7. d5
{[%clk 0:02:31]} Nxe4 {[%clk 0:02:57]} 8. dxc6 {[%clk 0:02:33]} Bxc3+
{[%clk 0:02:49]} 9. bxc3 {[%clk 0:02:34]} Qxc3+ {[%clk 0:02:49]} 10. Nd2
{[%clk 0:02:00]} bxc6 {[%clk 0:02:12]} 11. Rc1 {[%clk 0:01:59]} Qe5
{[%clk 0:02:11]} 12. Bd3 {[%clk 0:01:48]} Nxd2 {[%clk 0:01:44]} 13. Qxd2
{[%clk 0:01:50]} O-O {[%clk 0:01:44]} 14. O-O {[%clk 0:01:51]} d6
{[%clk 0:01:41]} 15. Bh6 {[%clk 0:01:48]} Re8 {[%clk 0:01:42]} 16. Rfe1
{[%clk 0:01:46]} Qd4 {[%clk 0:01:38]} 17. Re4 {[%clk 0:01:30]} Qf6
{[%clk 0:01:31]} 18. Bg5 {[%clk 0:01:30]} Qg7 {[%clk 0:01:25]} 19. Rxe7
{[%clk 0:01:31]} Be6 {[%clk 0:01:13]} 20. Rxe8+ {[%clk 0:01:27]} Rxe8
{[%clk 0:01:13]} 21. Bh6 {[%clk 0:01:28]} Qd4 {[%clk 0:01:10]} 22. Be3
{[%clk 0:01:28]} Qf6 {[%clk 0:01:06]} 23. Re1 {[%clk 0:01:19]} h5
{[%clk 0:01:00]} 24. Bg5 {[%clk 0:01:14]} Qd4 {[%clk 0:01:00]} 25. Qe3
{[%clk 0:01:04]} d5 {[%clk 0:00:41]} 26. Qxd4 {[%clk 0:00:58]} cxd4
{[%clk 0:00:41]} 27. Bf6 {[%clk 0:00:59]} dxc4 {[%clk 0:00:38]} 28. Bxc4
{[%clk 0:01:01]} c5 {[%clk 0:00:34]} 29. Bxe6 {[%clk 0:00:49]} fxe6
{[%clk 0:00:29]} 30. Rc1 {[%clk 0:00:51]} Kf7 {[%clk 0:00:27]} 31. Be5
{[%clk 0:00:50]} Rd8 {[%clk 0:00:23]} 32. Rxc5 {[%clk 0:00:48]} d3
{[%clk 0:00:24]} 33. Rc1 {[%clk 0:00:49]} Rd5 {[%clk 0:00:23]} 34. Bc3
{[%clk 0:00:47]} e5 {[%clk 0:00:24]} 35. f3 {[%clk 0:00:44]} Ke6 {[%clk 0:00:25]}
36. Kf2 {[%clk 0:00:45]} Kf5 {[%clk 0:00:24]} 37. Ke3 {[%clk 0:00:46]} h4
{[%clk 0:00:10]} 38. Rd1 {[%clk 0:00:46]} Rc5 {[%clk 0:00:09]} 39. Rxd3
{[%clk 0:00:47]} Rc4 {[%clk 0:00:08]} 40. Bd2 {[%clk 0:00:44]} e4
{[%clk 0:00:06]} 41. Rd5+ {[%clk 0:00:43]} Ke6 {[%clk 0:00:07]} 42. fxe4
{[%clk 0:00:44]} Ra4 {[%clk 0:00:08]} 43. Bc3 {[%clk 0:00:41]} Rxa2
{[%clk 0:00:06]} 44. Rd2 {[%clk 0:00:42]} Ra3 {[%clk 0:00:07]} 45. Kd3
{[%clk 0:00:44]} g5 {[%clk 0:00:06]} 46. Rf2 {[%clk 0:00:45]} g4 {[%clk 0:00:06]}
47. Rf6+ {[%clk 0:00:46]} Ke7 {[%clk 0:00:07]} 48. Rh6 {[%clk 0:00:45]} h3
{[%clk 0:00:06]} 49. gxh3 {[%clk 0:00:46]} gxh3 {[%clk 0:00:06]} 50. Rxh3
{[%clk 0:00:47]} 1-0

[Event "gorzyce wielkie"]
[Site "?"]
[Date "2020.02.08"]
[Round "5.1"]
[White "Malecki, Eugeniusz"]
[Black "Maciejczak, Jakub"]
[Result "0-1"]
[BlackElo "2313"]
[WhiteElo "1729"]
[LiveChessVersion "1.4.8"]

1. e4 {[%clk 0:03:02]} c6 {[%clk 0:03:04]} 2. d3 {[%clk 0:03:01]} d5
{[%clk 0:03:04]} 3. e5 {[%clk 0:03:02]} c5 {[%clk 0:03:04]} 4. f4
{[%clk 0:03:03]} Nc6 {[%clk 0:03:04]} 5. c3 {[%clk 0:03:04]} h5 {[%clk 0:03:02]}
6. Be2 {[%clk 0:03:05]} h4 {[%clk 0:03:00]} 7. Nf3 {[%clk 0:03:06]} Bg4
{[%clk 0:02:51]} 8. Be3 {[%clk 0:03:06]} e6 {[%clk 0:02:51]} 9. Nbd2
{[%clk 0:03:03]} Nh6 {[%clk 0:02:49]} 10. h3 {[%clk 0:03:04]} Nf5
{[%clk 0:02:39]} 11. Bf2 {[%clk 0:03:01]} Bh5 {[%clk 0:02:26]} 12. O-O
{[%clk 0:03:01]} Be7 {[%clk 0:02:24]} 13. Rb1 {[%clk 0:02:54]} g6
{[%clk 0:02:08]} 14. Nb3 {[%clk 0:02:43]} b6 {[%clk 0:02:06]} 15. Nbd2
{[%clk 0:02:35]} Kf8 {[%clk 0:02:04]} 16. Nh2 {[%clk 0:02:24]} Bxe2
{[%clk 0:01:53]} 17. Qxe2 {[%clk 0:02:25]} Kg7 {[%clk 0:01:42]} 18. Ng4
{[%clk 0:02:18]} b5 {[%clk 0:01:27]} 19. Nf3 {[%clk 0:02:02]} a5 {[%clk 0:01:23]}
20. d4 {[%clk 0:01:54]} c4 {[%clk 0:01:20]} 21. b3 {[%clk 0:01:50]} Rb8
{[%clk 0:01:01]} 22. bxc4 {[%clk 0:01:49]} bxc4 {[%clk 0:00:57]} 23. Qc2
{[%clk 0:01:42]} Qc7 {[%clk 0:00:52]} 24. Ng5 {[%clk 0:01:37]} Bxg5
{[%clk 0:00:40]} 25. fxg5 {[%clk 0:01:38]} Nce7 {[%clk 0:00:39]} 26. Nf6
{[%clk 0:01:25]} Rxb1 {[%clk 0:00:27]} 27. Rxb1 {[%clk 0:01:25]} Rb8
{[%clk 0:00:28]} 28. Rxb8 {[%clk 0:01:20]} Qxb8 {[%clk 0:00:29]} 29. Kh2
{[%clk 0:00:56]} Qb5 {[%clk 0:00:27]} 30. Qc1 {[%clk 0:00:27]} Ng8
{[%clk 0:00:23]} 31. Nxg8 {[%clk 0:00:21]} Kxg8 {[%clk 0:00:24]} 32. Qc2
{[%clk 0:00:15]} a4 {[%clk 0:00:24]} 33. Qc1 {[%clk 0:00:15]} Kg7
{[%clk 0:00:19]} 34. Qa3 {[%clk 0:00:14]} Qb1 {[%clk 0:00:14]} 35. Qxa4
{[%clk 0:00:09]} Qd3 {[%clk 0:00:12]} 36. Qa3 {[%clk 0:00:06]} Qe2
{[%clk 0:00:10]} 37. Kg1 Qd1+ 38. Kh2 Qd2 39. Kg1 0-1

[Event "gorzyce wielkie"]
[Site "?"]
[Date "2020.02.08"]
[Round "5.2"]
[White "Sobczak, Miroslaw"]
[Black "Grzesiek, Karol"]
[Result "1-0"]
[BlackElo "1815"]
[WhiteElo "1886"]
[LiveChessVersion "1.4.8"]

1. e4 {[%clk 0:03:03]} e5 {[%clk 0:03:03]} 2. Nf3 {[%clk 0:03:04]} Nc6
{[%clk 0:03:04]} 3. d4 {[%clk 0:03:00]} exd4 {[%clk 0:03:00]} 4. Bc4
{[%clk 0:03:01]} Nf6 {[%clk 0:03:01]} 5. O-O {[%clk 0:03:01]} Nxe4
{[%clk 0:03:01]} 6. Re1 {[%clk 0:03:02]} d5 {[%clk 0:03:02]} 7. Bxd5
{[%clk 0:03:03]} Qxd5 {[%clk 0:03:02]} 8. Nc3 {[%clk 0:03:04]} Qh5
{[%clk 0:02:54]} 9. Nxe4 {[%clk 0:03:04]} Be6 {[%clk 0:02:53]} 10. Bg5
{[%clk 0:03:02]} Bd6 {[%clk 0:02:53]} 11. Bf6 {[%clk 0:02:57]} Qg6
{[%clk 0:02:42]} 12. Nh4 {[%clk 0:02:36]} Qxf6 {[%clk 0:01:32]} 13. Nxf6+
{[%clk 0:02:36]} gxf6 {[%clk 0:01:32]} 14. Nf5 {[%clk 0:02:24]} O-O-O
{[%clk 0:01:27]} 15. Nxd6+ {[%clk 0:02:23]} Rxd6 {[%clk 0:01:28]} 16. Qf3
{[%clk 0:02:22]} f5 {[%clk 0:01:14]} 17. a3 {[%clk 0:02:18]} Rg8 {[%clk 0:01:03]}
18. Rad1 {[%clk 0:02:19]} Rg6 {[%clk 0:00:49]} 19. b4 {[%clk 0:02:06]} a6
{[%clk 0:00:48]} 20. Kh1 {[%clk 0:01:17]} Kd8 {[%clk 0:00:26]} 21. c3
{[%clk 0:01:17]} dxc3 {[%clk 0:00:22]} 22. Rxd6+ {[%clk 0:01:18]} cxd6
{[%clk 0:00:23]} 23. Qxc3 {[%clk 0:01:18]} Rg8 {[%clk 0:00:13]} 24. a4
{[%clk 0:01:15]} Kd7 {[%clk 0:00:07]} 25. b5 {[%clk 0:01:14]} axb5
{[%clk 0:00:06]} 26. axb5 {[%clk 0:01:15]} Ne5 {[%clk 0:00:08]} 27. Qd4
{[%clk 0:01:03]} Ng4 {[%clk 0:00:03]} 28. h3 {[%clk 0:00:47]} Nh6
{[%clk 0:00:05]} 29. Qb6 {[%clk 0:00:48]} Rb8 {[%clk 0:00:03]} 30. Rc1
{[%clk 0:00:48]} 1-0

[Event "gorzyce wielkie"]
[Site "?"]
[Date "2020.02.08"]
[Round "5.3"]
[White "Michalski, Karol"]
[Black "Czerwinska, Milena"]
[Result "1-0"]
[BlackElo "1834"]
[WhiteElo "1946"]
[LiveChessVersion "1.4.8"]

1. d4 {[%clk 0:03:03]} d6 {[%clk 0:03:02]} 2. Nf3 {[%clk 0:03:02]} Nf6
{[%clk 0:03:01]} 3. c4 {[%clk 0:03:01]} g6 {[%clk 0:03:02]} 4. Nc3
{[%clk 0:03:02]} Bg7 {[%clk 0:03:03]} 5. e4 {[%clk 0:03:03]} O-O {[%clk 0:03:03]}
6. Be2 {[%clk 0:03:04]} e5 {[%clk 0:03:02]} 7. d5 {[%clk 0:03:04]} a5
{[%clk 0:02:45]} 8. Bg5 {[%clk 0:03:01]} Na6 {[%clk 0:02:35]} 9. Qd2
{[%clk 0:02:48]} Nc5 {[%clk 0:02:24]} 10. Qe3 {[%clk 0:02:48]} c6
{[%clk 0:02:10]} 11. h3 {[%clk 0:02:39]} Qc7 {[%clk 0:02:08]} 12. Nd2
{[%clk 0:02:29]} Bd7 {[%clk 0:01:59]} 13. g4 {[%clk 0:02:04]} Rfb8
{[%clk 0:01:44]} 14. a4 {[%clk 0:01:51]} cxd5 {[%clk 0:00:55]} 15. cxd5
{[%clk 0:01:45]} Na6 {[%clk 0:00:46]} 16. O-O {[%clk 0:01:30]} Nc5
{[%clk 0:00:34]} 17. f3 {[%clk 0:01:20]} Qb6 {[%clk 0:00:33]} 18. Bb5
{[%clk 0:01:19]} Bxb5 {[%clk 0:00:13]} 19. axb5 {[%clk 0:01:19]} a4
{[%clk 0:00:12]} 20. Nc4 {[%clk 0:01:19]} Qd8 {[%clk 0:00:12]} 21. b6
{[%clk 0:01:17]} Qd7 {[%clk 0:00:10]} 22. f4 {[%clk 0:01:13]} exf4
{[%clk 0:00:08]} 23. Qxf4 {[%clk 0:01:12]} Qe7 {[%clk 0:00:03]} 24. Bxf6
{[%clk 0:01:12]} Bxf6 {[%clk 0:00:03]} 25. Qxf6 {[%clk 0:01:13]} Qxf6
{[%clk 0:00:04]} 26. Rxf6 {[%clk 0:01:13]} 1-0

[Event "gorzyce wielkie"]
[Site "?"]
[Date "2020.02.08"]
[Round "5.5"]
[White "Piekielny, Pawel"]
[Black "Chmielarz, Maciej"]
[Result "0-1"]
[BlackElo "1883"]
[WhiteElo "1773"]
[LiveChessVersion "1.4.8"]

1. e4 {[%clk 0:03:03]} c6 {[%clk 0:03:03]} 2. d4 {[%clk 0:03:03]} d5
{[%clk 0:03:05]} 3. Nc3 {[%clk 0:03:04]} dxe4 {[%clk 0:03:06]} 4. Nxe4
{[%clk 0:03:05]} Bf5 {[%clk 0:03:06]} 5. Ng3 {[%clk 0:03:06]} Bg6
{[%clk 0:03:08]} 6. h4 {[%clk 0:03:07]} h6 {[%clk 0:03:09]} 7. Nf3
{[%clk 0:03:07]} Nd7 {[%clk 0:03:10]} 8. h5 {[%clk 0:03:07]} Bh7 {[%clk 0:03:11]}
9. Bd3 {[%clk 0:03:07]} Bxd3 {[%clk 0:03:12]} 10. Qxd3 {[%clk 0:03:08]} Qc7
{[%clk 0:03:13]} 11. Bd2 {[%clk 0:02:56]} e6 {[%clk 0:03:14]} 12. O-O-O
{[%clk 0:02:54]} Ngf6 {[%clk 0:03:15]} 13. Ne4 {[%clk 0:02:52]} Nxe4
{[%clk 0:03:03]} 14. Qxe4 {[%clk 0:02:53]} Nf6 {[%clk 0:03:04]} 15. Qe2
{[%clk 0:02:53]} c5 {[%clk 0:03:04]} 16. Be3 {[%clk 0:02:07]} c4 {[%clk 0:02:47]}
17. Ne5 {[%clk 0:01:31]} b5 {[%clk 0:01:47]} 18. Kb1 {[%clk 0:01:17]} Nd5
{[%clk 0:01:40]} 19. c3 {[%clk 0:00:53]} Bd6 {[%clk 0:01:08]} 20. f4
{[%clk 0:00:39]} Bxe5 {[%clk 0:00:27]} 21. fxe5 {[%clk 0:00:40]} b4
{[%clk 0:00:24]} 22. Bd2 {[%clk 0:00:30]} a5 {[%clk 0:00:09]} 23. Qg4
{[%clk 0:00:24]} bxc3 {[%clk 0:00:08]} 24. Bxc3 {[%clk 0:00:25]} Rb8
{[%clk 0:00:05]} 25. Ka1 {[%clk 0:00:12]} Qb6 {[%clk 0:00:04]} 26. Rb1
{[%clk 0:00:10]} O-O {[%clk 0:00:04]} 27. Rhf1 {[%clk 0:00:07]} a4
{[%clk 0:00:04]} 28. a3 {[%clk 0:00:08]} Qb3 {[%clk 0:00:05]} 29. Qf3
{[%clk 0:00:07]} Nc7 {[%clk 0:00:06]} 30. Bb4 {[%clk 0:00:06]} Rxb4
{[%clk 0:00:06]} 31. axb4 {[%clk 0:00:06]} Qxb4 {[%clk 0:00:07]} 32. Qa3
{[%clk 0:00:07]} Qa5 {[%clk 0:00:07]} 33. Qc3 {[%clk 0:00:08]} Qb6
{[%clk 0:00:08]} 34. Qxc4 {[%clk 0:00:08]} Nb5 {[%clk 0:00:09]} 35. Rfd1
{[%clk 0:00:06]} Ra8 {[%clk 0:00:09]} 36. Qc5 {[%clk 0:00:07]} Qa5
{[%clk 0:00:10]} 37. Rd3 {[%clk 0:00:04]} Qa6 {[%clk 0:00:11]} 38. Rc1
{[%clk 0:00:03]} a3 {[%clk 0:00:11]} 39. bxa3 {[%clk 0:00:04]} Nxa3
{[%clk 0:00:13]} 40. Rxa3 Qxa3+ {[%clk 0:00:14]} 41. Qxa3 {[%clk 0:00:05]} Rxa3+
{[%clk 0:00:15]} 42. Kb2 {[%clk 0:00:06]} Rd3 {[%clk 0:00:14]} 43. Rc8+
{[%clk 0:00:03]} Kh7 {[%clk 0:00:15]} 44. Rc7 {[%clk 0:00:04]} Rxd4
{[%clk 0:00:12]} 45. Rxf7 {[%clk 0:00:05]} Re4 {[%clk 0:00:14]} 46. Kc3
{[%clk 0:00:04]} Rxe5 {[%clk 0:00:15]} 47. Rf2 {[%clk 0:00:04]} Rxh5
{[%clk 0:00:16]} 48. Kd4 {[%clk 0:00:06]} Rf5 {[%clk 0:00:12]} 49. Re2
{[%clk 0:00:07]} Rf6 {[%clk 0:00:12]} 50. Ke5 {[%clk 0:00:08]} Kg6
{[%clk 0:00:09]} 51. Ra2 {[%clk 0:00:10]} h5 {[%clk 0:00:06]} 52. Rb2
{[%clk 0:00:09]} Kh6 {[%clk 0:00:07]} 53. Ra2 {[%clk 0:00:08]} Rg6
{[%clk 0:00:07]} 54. Rb2 {[%clk 0:00:09]} Kh7 {[%clk 0:00:08]} 55. Ra2
{[%clk 0:00:11]} Kg8 {[%clk 0:00:07]} 56. Ra8+ {[%clk 0:00:11]} Kh7
{[%clk 0:00:07]} 57. Ra2 {[%clk 0:00:12]} Kh6 {[%clk 0:00:09]} 58. Rb2
{[%clk 0:00:14]} Kg5 {[%clk 0:00:10]} 59. Rb4 {[%clk 0:00:09]} h4
{[%clk 0:00:09]} 60. Ra4 {[%clk 0:00:10]} Kh5 {[%clk 0:00:10]} 61. Ra2
{[%clk 0:00:11]} Kg4 {[%clk 0:00:11]} 62. Ra3 Rf6 {[%clk 0:00:09]} 63. Ra2
{[%clk 0:00:06]} Kg3 {[%clk 0:00:08]} 64. Ra4 {[%clk 0:00:05]} Rh6
{[%clk 0:00:04]} 65. Rb4 {[%clk 0:00:04]} Kxg2 {[%clk 0:00:05]} 66. Rg4+
{[%clk 0:00:05]} Kf2 {[%clk 0:00:06]} 67. Rxg7 {[%clk 0:00:06]} h3
{[%clk 0:00:07]} 68. Rf7+ {[%clk 0:00:07]} Ke2 {[%clk 0:00:08]} 69. Ra7
{[%clk 0:00:05]} h2 {[%clk 0:00:09]} 70. Ra2+ {[%clk 0:00:07]} Kd1
{[%clk 0:00:10]} 71. Ra1+ {[%clk 0:00:07]} Kc2 {[%clk 0:00:12]} 72. Rh1
{[%clk 0:00:09]} Kd2 {[%clk 0:00:13]} 73. Kf4 {[%clk 0:00:10]} Ke2
{[%clk 0:00:14]} 74. Kg3 {[%clk 0:00:10]} e5 {[%clk 0:00:15]} 75. Kg2
{[%clk 0:00:06]} e4 {[%clk 0:00:16]} 76. Ra1 {[%clk 0:00:07]} h1=Q+
{[%clk 0:00:16]} 77. Rxh1 {[%clk 0:00:09]} Rxh1 78. Kxh1 {[%clk 0:00:10]} Kf2
{[%clk 0:00:17]} 79. Kh2 {[%clk 0:00:10]} e3 0-1

[Event "gorzyce wielkie"]
[Site "?"]
[Date "2020.02.08"]
[Round "5.6"]
[White "Szczepanski, Grzegorz"]
[Black "Rosik, Jakub"]
[Result "0-1"]
[BlackElo "1847"]
[WhiteElo "1251"]
[LiveChessVersion "1.4.8"]

1. d4 {[%clk 0:03:01]} Nf6 {[%clk 0:03:03]} 2. c4 {[%clk 0:03:02]} g6
{[%clk 0:03:04]} 3. Nc3 {[%clk 0:03:03]} d5 {[%clk 0:03:04]} 4. e3
{[%clk 0:03:03]} Bg7 {[%clk 0:03:05]} 5. Nf3 {[%clk 0:03:02]} O-O
{[%clk 0:03:05]} 6. Be2 {[%clk 0:02:59]} c5 {[%clk 0:02:57]} 7. dxc5
{[%clk 0:02:46]} Qa5 {[%clk 0:02:58]} 8. O-O {[%clk 0:02:22]} dxc4
{[%clk 0:02:59]} 9. Bxc4 {[%clk 0:02:19]} Qxc5 {[%clk 0:02:59]} 10. Bb3
{[%clk 0:02:08]} Nc6 {[%clk 0:02:57]} 11. Qe2 {[%clk 0:02:00]} Rd8
{[%clk 0:02:34]} 12. Bd2 {[%clk 0:01:53]} Bg4 {[%clk 0:02:32]} 13. Rfd1
{[%clk 0:01:46]} Qh5 {[%clk 0:02:28]} 14. h3 {[%clk 0:01:24]} Bxf3
{[%clk 0:02:28]} 15. Qxf3 {[%clk 0:01:25]} Qxf3 {[%clk 0:02:28]} 16. gxf3
{[%clk 0:01:25]} Ne5 {[%clk 0:02:26]} 17. Kg2 {[%clk 0:01:21]} Nd3
{[%clk 0:02:21]} 18. Rab1 {[%clk 0:01:15]} Nc5 {[%clk 0:02:17]} 19. Bc4
{[%clk 0:01:10]} Rac8 {[%clk 0:02:10]} 20. b3 {[%clk 0:01:10]} a6
{[%clk 0:02:00]} 21. a4 {[%clk 0:00:59]} e6 {[%clk 0:01:41]} 22. Be1
{[%clk 0:00:46]} Nfd7 {[%clk 0:01:29]} 23. Ne4 {[%clk 0:00:34]} Nxe4
{[%clk 0:01:14]} 24. fxe4 {[%clk 0:00:35]} Nb6 {[%clk 0:01:15]} 25. Rxd8+
{[%clk 0:00:27]} Rxd8 {[%clk 0:01:16]} 26. f4 {[%clk 0:00:16]} Bf8
{[%clk 0:01:15]} 27. Ba5 {[%clk 0:00:15]} Bc5 {[%clk 0:01:14]} 28. Kf3
{[%clk 0:00:13]} Rc8 {[%clk 0:01:12]} 29. Bxb6 {[%clk 0:00:12]} Bxb6
{[%clk 0:01:13]} 30. Rd1 {[%clk 0:00:13]} Kg7 {[%clk 0:01:10]} 31. e5
{[%clk 0:00:13]} Rd8 {[%clk 0:01:09]} 32. Rxd8 {[%clk 0:00:13]} Bxd8
{[%clk 0:01:10]} 33. e4 {[%clk 0:00:13]} Bc7 {[%clk 0:01:08]} 34. Kg3
{[%clk 0:00:12]} h6 {[%clk 0:01:08]} 35. Kg4 {[%clk 0:00:07]} Kf8
{[%clk 0:01:09]} 36. Kf3 {[%clk 0:00:07]} Ke7 {[%clk 0:01:10]} 37. Ke3
{[%clk 0:00:08]} Bb6+ {[%clk 0:01:11]} 38. Kd3 {[%clk 0:00:08]} Bf2
{[%clk 0:01:11]} 39. Ke2 {[%clk 0:00:08]} Bg1 {[%clk 0:01:10]} 40. Kf3
{[%clk 0:00:04]} Bd4 {[%clk 0:01:10]} 41. Ke2 {[%clk 0:00:05]} Kd7
{[%clk 0:01:11]} 42. Kf3 {[%clk 0:00:05]} Kc6 {[%clk 0:01:12]} 43. Kg4 0-1

[Event "gorzyce wielkie"]
[Site "?"]
[Date "2020.02.08"]
[Round "5.7"]
[White "Pera, Adam"]
[Black "Mocny, Tomasz"]
[Result "1/2-1/2"]
[BlackElo "1768"]
[WhiteElo "1840"]
[LiveChessVersion "1.4.8"]

1. e4 {[%clk 0:03:03]} Nf6 {[%clk 0:03:04]} 2. Nc3 {[%clk 0:03:03]} d5
{[%clk 0:03:05]} 3. exd5 {[%clk 0:03:02]} Nxd5 {[%clk 0:03:06]} 4. Nxd5
{[%clk 0:03:02]} Qxd5 {[%clk 0:03:06]} 5. d4 {[%clk 0:03:03]} e5 {[%clk 0:03:03]}
6. c4 {[%clk 0:02:28]} Qxd4 {[%clk 0:03:02]} 7. Qxd4 {[%clk 0:02:29]} exd4
{[%clk 0:03:03]} 8. Bf4 {[%clk 0:02:29]} Na6 {[%clk 0:02:50]} 9. O-O-O
{[%clk 0:02:16]} c5 {[%clk 0:02:37]} 10. g3 {[%clk 0:02:03]} Bf5 {[%clk 0:02:19]}
11. Re1+ {[%clk 0:01:55]} Be6 {[%clk 0:01:54]} 12. Nf3 {[%clk 0:01:15]} O-O-O
{[%clk 0:01:48]} 13. Ng5 {[%clk 0:01:11]} Re8 {[%clk 0:01:42]} 14. Nxe6
{[%clk 0:01:11]} fxe6 {[%clk 0:01:39]} 15. Be5 {[%clk 0:01:05]} Kd7
{[%clk 0:01:13]} 16. Bg2 {[%clk 0:01:04]} Nb4 {[%clk 0:01:09]} 17. Kb1
{[%clk 0:00:16]} Nd3 {[%clk 0:01:10]} 18. Re2 {[%clk 0:00:13]} Nxe5
{[%clk 0:01:10]} 19. Rxe5 {[%clk 0:00:14]} Bd6 {[%clk 0:01:11]} 20. Re2
{[%clk 0:00:14]} b6 {[%clk 0:01:02]} 21. Bh3 {[%clk 0:00:13]} Rhf8
{[%clk 0:00:47]} 22. Rhe1 {[%clk 0:00:13]} Kc7 {[%clk 0:00:48]} 23. Bxe6
{[%clk 0:00:10]} g5 {[%clk 0:00:37]} 24. Bd5 {[%clk 0:00:08]} Kd8
{[%clk 0:00:21]} 25. f3 {[%clk 0:00:09]} h5 {[%clk 0:00:17]} 26. Bc6
{[%clk 0:00:07]} Rxe2 {[%clk 0:00:17]} 27. Rxe2 {[%clk 0:00:08]} h4
{[%clk 0:00:18]} 28. gxh4 {[%clk 0:00:07]} gxh4 {[%clk 0:00:19]} 29. h3
{[%clk 0:00:08]} Rg8 {[%clk 0:00:18]} 30. Be4 {[%clk 0:00:06]} Bf4
{[%clk 0:00:15]} 31. a3 {[%clk 0:00:06]} Rg3 {[%clk 0:00:14]} 32. Bf5
{[%clk 0:00:07]} Rxf3 {[%clk 0:00:14]} 33. Bg4 {[%clk 0:00:08]} Rf1+
{[%clk 0:00:13]} 34. Kc2 {[%clk 0:00:09]} Be3 {[%clk 0:00:13]} 35. Kd3
{[%clk 0:00:09]} Rf2 {[%clk 0:00:10]} 36. Rxf2 {[%clk 0:00:10]} Bxf2
{[%clk 0:00:11]} 37. b3 {[%clk 0:00:10]} Ke7 {[%clk 0:00:11]} 38. a4
{[%clk 0:00:11]} Kf6 {[%clk 0:00:10]} 39. Bd7 {[%clk 0:00:12]} Ke5
{[%clk 0:00:10]} 40. Bg4 {[%clk 0:00:13]} Kf4 {[%clk 0:00:11]} 41. Be6
{[%clk 0:00:14]} Be1 {[%clk 0:00:12]} 42. Bg4 {[%clk 0:00:15]} Bb4
{[%clk 0:00:12]} 43. Bd7 {[%clk 0:00:16]} Kg3 {[%clk 0:00:13]} 44. Bg4
{[%clk 0:00:17]} Kf2 {[%clk 0:00:14]} 45. Bf5 {[%clk 0:00:17]} Ke1
{[%clk 0:00:15]} 46. Kc2 {[%clk 0:00:18]} Ke2 {[%clk 0:00:15]} 47. Bd3+
{[%clk 0:00:19]} Ke3 {[%clk 0:00:16]} 48. Bf5 {[%clk 0:00:20]} Be1
{[%clk 0:00:12]} 49. Bd3 {[%clk 0:00:21]} Bg3 {[%clk 0:00:11]} 50. Bf5
{[%clk 0:00:22]} Bf4 {[%clk 0:00:10]} 51. Bd3 {[%clk 0:00:23]} Be5
{[%clk 0:00:10]} 52. Bf5 {[%clk 0:00:24]} a6 {[%clk 0:00:09]} 53. Bd3
{[%clk 0:00:25]} Kf4 {[%clk 0:00:09]} 54. Bg6 {[%clk 0:00:24]} Ke3
{[%clk 0:00:09]} 55. Bd3 {[%clk 0:00:25]} Bg3 {[%clk 0:00:08]} 56. Bf5
{[%clk 0:00:26]} Bf2 {[%clk 0:00:09]} 57. Bd3 {[%clk 0:00:27]} 1/2-1/2